Normal view
MARC view
- Sadaf, Naila
Entry Personal Name
001 - CONTROL NUMBER
- control field: 15323
003 - CONTROL NUMBER IDENTIFIER
- control field: NUST
005 - DATE AND TIME OF LATEST TRANSACTION
- control field: 20190621111749.0
008 - FIXED-LENGTH DATA ELEMENTS
- fixed length control field: 190621|| aca||aabn | a|a d
040 ## - CATALOGING SOURCE
- Original cataloging agency: NUST
- Transcribing agency: NUST
100 ## - HEADING--PERSONAL NAME
- Personal name: Sadaf, Naila
670 ## - SOURCE DATA FOUND
- Source citation: Work cat.: (NUST): Sadaf, Naila, Mangti /, 1991
